000 00497nam a2200181Ia 4500
001 13290
005 20260306164750.0
008 260306t2009||||xx |||||||||||||| ||spa||
041 _aESP
082 _a001.42
_bL21
100 _aDe la Lama García, Alfredo
_eAUT
245 0 _aInvestigaciones científicas:
_blos acuerdos sociales y los procesos creativos de la ciencia
260 _c2009
300 _a117 páginas :
_c23 cm.
650 _aGEN
654 _aCHU
942 _cLIB
_dJUS
_fJUS
_2ddc
_n
999 _c13290
_d13290